00533nam a2200169Ia 450000500170000000800410001702000150005808200130007310000180008624500320010426000400013630000130017650000580018994200060024795200950025399900150034820250514023228.0240331s9999 xx 000 0 und d a9552006511 bARIa800 aAriyarathne,S 0aDemala sahithy a ithihasaya aColombobS. Godage & Brothersc1991 a265 p ., aA book on the history of Tamil literature in Sinhala. cL 001040708LaWERCLbWERCLcSSCd2024-03-31l0o 800 ARIp3832r2024-03-31w2024-03-31yL c5159d5159